| 000 | 00570nam a2200145 a 4500 | ||
|---|---|---|---|
| 008 | 120416s1978 ||||||||||||||||| || u | ||
| 050 | _aJQ 2854 | ||
| 110 | _aGovernment of the Republic of Zambia (GRZ) | ||
| 245 | 1 | 4 | _aThe Zambian parliament: 24th October, 1964 to 31st December, 1974 |
| 260 |
_aLusaka _bNational Assembly _c1978 |
||
| 300 | _av, 93p. : ill. | ||
| 350 | _a0.00 | ||
| 650 | _aLEGISLATIVE BODIES--ZAMBIA--HISTORY | ||
| 995 |
_D0.00 _FCBU-MAIN LIBRARY (Kitwe) _H1 _I1.50 _M1 _UAVAILABLE _ZZambiana Collection |
||
| 999 |
_c62425 _d62425 |
||